The Effect of protein content in natural rubber on performance of silica filled compounds as influenced by processing temperature (Record no. 70632)

MARC details
000 -LEADER
fixed length control field 01296nam a2200229Ia 4500
100 ## - MAIN ENTRY--AUTHOR NAME
Personal name Sarkawi SalinaS
245 #4 - TITLE STATEMENT
Title The Effect of protein content in natural rubber on performance of silica filled compounds as influenced by processing temperature
260 ## - PUBLICATION, DISTRIBUTION, ETC. (IMPRINT)
Name of publisher Kautschuk Gummi Kunststoffe
Year of publication 2013
300 ## - PHYSICAL DESCRIPTION
Number of Pages 27-33
520 ## - SUMMARY, ETC.
Summary, etc The use of a bi-functional silane coupling agent enhances the interaction between silica and apolar rubbers such as Natural Rubber (NR). The paper focusses on the influences of non-rubber constituents such as proteins on the properties of silica-filled NR compounds at varying mixing dump temperatures. The work demonstrates that when high amounts of proteins are present in NR, modification of the silica surface by silane is partially hindered. The rheological properties, Payne effect and rubber to filler interactions as well as physical properties of silica reinforced NR at varying protein contents with silane coupling agent are discussed.
650 ## - SUBJECT ADDED ENTRY--TOPICAL TERM
Topical Term Natural Rubber
650 ## - SUBJECT ADDED ENTRY--TOPICAL TERM
Topical Term Protein
650 ## - SUBJECT ADDED ENTRY--TOPICAL TERM
Topical Term Silane Coupling Agent
650 ## - SUBJECT ADDED ENTRY--TOPICAL TERM
Topical Term Silica
650 ## - SUBJECT ADDED ENTRY--TOPICAL TERM
Topical Term Tyre
700 ## - ADDED ENTRY--PERSONAL NAME
Personal name Dierkes KWilma
700 ## - ADDED ENTRY--PERSONAL NAME
Personal name Enschede
700 ## - ADDED ENTRY--PERSONAL NAME
Personal name Noordermeer WMJacques
700 ## - ADDED ENTRY--PERSONAL NAME
Personal name Selangor
942 ## - ADDED ENTRY ELEMENTS (KOHA)
Koha item type Journals
Holdings
Withdrawn status Lost status Damaged status Not for loan Home library Current library Shelving location Date acquired Serial Enumeration / chronology Koha item type
      Journals RRII Library RRII Library Rubber technology 01/01/2021 Volume 66, Issue 3 Journals